000 00355 a2200169 4500
001 178730
020 _a85-08-07544-8
040 _cMagnum
100 _aSabino, Fernando
240 1 0 _aCara ou coroa?
_lpor
245 1 0 _aCara ou coroa?
300 _a128
362 0 _a2000
440 1 _aÁtica
697 _aLITERATURA INFANTO-JUVENIL
942 _cBK
999 _c178730
_d178730